| 000 | 00446nam a22001817a 4500 | ||
|---|---|---|---|
| 005 | 20200522090724.0 | ||
| 008 | 200522b xxu||||| |||| 00| 0 eng d | ||
| 020 | _a978938882 | ||
| 041 | _aeng | ||
| 082 | _a340.0954 MAL | ||
| 100 |
_aSumeet Malik _95726 |
||
| 245 | _aLandmarks in Indian Legal and constitutional History | ||
| 250 | _a12'th ed. | ||
| 260 |
_aLucknow _bEBC _c2019 |
||
| 300 | _a699p. | ||
| 650 |
_aHistory _95708 |
||
| 942 | _cBK | ||
| 999 |
_c6413 _d6411 |
||